Confucius and Confucianism : the essentials (Record no. 10795)
[ view plain ]
| 000 -LEADER | |
|---|---|
| fixed length control field | 00430 a2200157 4500 |
| 020 ## - INTERNATIONAL STANDARD BOOK NUMBER | |
| International Standard Book Number | 9781405188401 |
| 040 ## - CATALOGING SOURCE | |
| Original cataloging agency | DLC |
| Language of cataloging | DLC |
| 082 ## - DEWEY DECIMAL CLASSIFICATION NUMBER | |
| Classification number | 181.112 |
| 100 ## - MAIN ENTRY--PERSONAL NAME | |
| Personal name | Rainey, Lee Dian |
| 245 ## - TITLE STATEMENT | |
| Title | Confucius and Confucianism : the essentials |
| Statement of responsibility, etc. | Lee Dian Rainey |
| 260 ## - PUBLICATION, DISTRIBUTION, ETC. | |
| Place of publication, distribution, etc. | UK |
| Name of publisher, distributor, etc. | Wiley- Blackwell |
| Date of publication, distribution, etc. | 2010. |
| 300 ## - PHYSICAL DESCRIPTION | |
| Extent | 262 p. |
| 650 ## - SUBJECT ADDED ENTRY--TOPICAL TERM | |
| Topical term or geographic name entry element | Philosophy, Confucian--Confucianism |
| 700 ## - ADDED ENTRY--PERSONAL NAME | |
| Personal name | Lee Dian Rainey |
| 942 ## - ADDED ENTRY ELEMENTS (KOHA) | |
| Koha item type | Book |
| Call number prefix | 181.112 RAI |
| Source of classification or shelving scheme | |
| Withdrawn status | Lost status | Damaged status | Not for loan | Collection code | Permanent Location | Current Location | Shelving location | Date acquired | Source of acquisition | Cost, normal purchase price | Total Checkouts | Total Renewals | Full call number | Barcode | Date last seen | Date last checked out | Price effective from | Koha item type |
|---|---|---|---|---|---|---|---|---|---|---|---|---|---|---|---|---|---|---|
| Central Library (CL) | Central Library (CL) | General Stacks | 03/27/2012 | Eagle Information Marketing | 2494.70 | 2 | 3 | 181.112 RAI | SEECS010947 | 01/26/2026 | 09/12/2025 | 01/05/2017 | Book |
